| Registos Bibliográficos associados ao registo de autoridade |
|
Etiqueta de registo: 00000nam 2200025 450 001 2286111 003 http://id.bnportugal.gov.pt/bib/catbnp/2286111 100 ## $a20260511d2024 k y0pory01030103ba 101 0# $aeng$dpor 102 ## $aPT 105 ## $aa m 000yy 106 ## $ar 200 1# $aMEMS Scasnners with diffractive optical elements for LiDAR applications$fInês Sofia Moreira Garcia$gorient. Jorge Miguel Nunes dos Santos Cabral, Rosana Maria Alves Dias 210 #9 $aPorto$c[s.n.],$d2024 215 ## $aXXVI, 205 p.$cil.$d30 cm 328 #1 $aTese dout. Engenharia Electrónica e de Computadores (PDEEC) (Instrumentação e Microssistemas
Eletránicos), Escola de Engenharia, Universidade do Porto, 2024 700 #1 $aGarcia,$bInês Sofia Moreira$31998095 702 #1 $aCabral,$bJorge Miguel Nunes dos Santos$4727$31709677 702 #1 $aDias,$bRosana Maria Alves$4727$31557009 801 #0 $aPT$bBN$gRPC 966 ## $lBN$mFGMON$x1 971 ## $corlando$d20260511
|
|
|